| 000 | 00711nam a2200217 a 4500 | ||
|---|---|---|---|
| 999 |
_c29550 _d29550 |
||
| 005 | 20230628164400.0 | ||
| 008 | 850322s1983 ii b 001 0 eng | ||
| 010 | _aENG-94867 ENG-137206 | ||
| 020 |
_c95.00 _a9788178794358 |
||
| 035 | _aEN-78400 EN-120738 | ||
| 037 | _bDBAD / PUB | ||
| 040 |
_adpl _bEnglish |
||
| 082 | _a796.35826 | ||
| 100 | _aSrivastava, A.K. | ||
| 245 |
_aTeach yourself Cricket/ _cby A.K. Srivastava |
||
| 260 |
_aNew Delhi _bSports Publication _c2007 |
||
| 270 |
_aG-6, 23/23-B, EMCA House, Ansari Road, Daryaganj, _bNew Delhi _e110002 |
||
| 300 |
_a64p.: _c22cm(Hb) _bill. |
||
| 650 |
_aCricket _xStudy and teaching |
||
| 942 |
_2ddc _cEN _mSRI _h796.35826 |
||